100 Biggest Cities of Vietnam on a Map - Statistics

General Stats
  • This quiz has been taken 442 times
  • The average score is 21 of 100
Answers on the Map
Answers color-coded by a green-red scale on the quiz's map according to % correct below.
 
Answer Stats
Population City % Correct
3,605,364 Hanoi
98%
7,004,921 Ho Chi Minh City
93%
988,561 Đà Nẵng
81%
841,520 Haiphong
74%
351,456 Huế
67%
812,088 Can Tho
59%
230,439 Vinh
57%
270,054 Hạ Long
52%
202,124 Đà Lạt
47%
285,788 Nha Trang
47%
72,898 Hội An
45%
341,552 Vũng Tàu
37%
830,829 Biên Hòa
35%
106,618 Ninh Bình
33%
249,004 Thái Nguyên
33%
245,951 Buôn Ma Thuột
30%
249,012 Thanh Hóa
30%
55,251 Điện Biên Phủ
29%
100,017 Lào Cai
29%
143,341 Cà Mau
27%
179,229 Nam Định
26%
194,197 Phan Thiết
26%
61,955 Cao Bằng
25%
191,684 Pleiku
25%
200,285 Bắc Ninh
24%
215,593 Hải Dương
23%
211,351 Rạch Giá
23%
115,508 Bạc Liêu
22%
239,588 Long Xuyên
22%
124,104 Mỹ Tho
22%
70,362 Sơn La
22%
140,935 Việt Trì
22%
137,305 Sóc Trăng
21%
321,607 Thủ Dầu Một
21%
129,139 Quảng Ngãi
20%
102,047 Vĩnh Long
20%
92,476 Cam Ranh
19%
72,792 Hà Tĩnh
19%
73,847 Hòa Bình
19%
74,492 Lạng Sơn
19%
157,942 Phan Rang
19%
109,367 Bắc Giang
18%
474,681 Dĩ An
18%
62,375 Tuyên Quang
18%
75,822 Yên Bái
18%
72,111 Bà Rịa
17%
182,137 Cẩm Phả
17%
53,241 Hưng Yên
17%
124,332 Thái Bình
17%
78,976 An Nhơn
16%
63,373 Bến Tre
16%
91,601 Đồng Hới
16%
102,051 Kon Tum
16%
108,691 Tây Ninh
16%
588,616 Thuận An
16%
66,434 Móng Cái
15%
121,544 Tuy Hòa
15%
95,658 Đông Hà
14%
263,892 Qui Nhơn
14%
231,852 Bến Cát
13%
99,961 Bảo Lộc
13%
90,714 Trà Vinh
13%
55,668 Cửa Lò
12%
90,495 Châu Đốc
12%
95,907 Phủ Lý
12%
91,567 Sầm Sơn
12%
251,694 Tân Uyên
12%
104,489 Tân An
11%
99,273 Vĩnh Yên
11%
87,405 Cao Lãnh
10%
122,349 Phú Mỹ
10%
91,450 Tam Kỳ
10%
113,416 Uông Bí
10%
49,919 Bỉm Sơn
9%
142,851 Chí Linh
9%
80,741 Đồng Xoài
9%
64,983 La Gi
9%
54,753 Long Khánh
9%
63,463 Sa Đéc
9%
76,956 Sơn Tây
9%
82,687 Phúc Yên
8%
85,868 Quảng Yên
8%
48,007 Sông Công
8%
101,755 Từ Sơn
8%
45,089 Dương Đông
7%
59,517 Hoàng Mai
7%
57,188 Hương Trà
7%
54,766 Buôn Hồ
6%
72,923 Đông Triều
6%
49,654 Kỳ Anh
6%
45,524 Nhà Bè
6%
75,931 Ninh Hòa
6%
54,291 Phổ Yên
6%
94,395 Điện Bàn
5%
52,287 Giá Rai
5%
67,376 Hương Thủy
5%
47,276 Liên Nghĩa
5%
54,214 Tân Châu
5%
74,475 Vĩnh Châu
5%
49,406 Ba Đồn
2%
No matching quizzes found
Score Distribution
Percent of People with Each Score
Percentile by Number Answered
Your Score History
You have not taken this quiz